Statistics for US military active fighter jets

Click here to take the quiz!

General Stats

  • This quiz has been taken 210 times
  • The average score is 10 of 13

Answer Stats

HintAnswer% Correct
Air ForceF-22
96%
Marine CorpsF-35
96%
NavyF-35
96%
Air ForceF-35
96%
NavyF-16
94%
Air ForceF-16
94%
Marine CorpsF-18
93%
NavyF-18
93%
Air ForceF-15
84%
Air ForceA-10
52%
Marine CorpsF-5
23%
NavyF-5
23%
Marine Corps
AV-8
20%

Score Distribution

Percentile by Number Answered

Percent of People with Each Score

Your Score History

You have not taken this quiz